000 00643nam a2200241Ia 4500
003 OSt
005 20221006143042.0
006 a|||||r|||| 00| 0
007 ta
008 221006b |||||||| |||| 00| 0 eng d
020 _c76.00
024 _a7,908
037 _cTextual
040 _aEASL
_cEASL
_beng
041 _2eng
_aeng
082 _aN42vA, K4
100 _aKIDDER J. Edward
_9648819
245 0 _aEarly Japanese art
_b The great tombs and treasures
260 _aLondon
_bThames and Hudson UK
_c1964
300 _a354p.
_ccm.
942 _hN42vA, K4
_cTEXL
_2CC
999 _c1075994
_d1075994